Animals By Continent - Statistics

General Stats
  • This quiz has been taken 119 times
    92 since last reset
  • The average score is 24 of 29
Answer Stats
Picture Hint Answer % Correct
ELEPHANT AFRICA
100%
GRIZZLY BEAR NORTH AMERICA
97%
CAPE BUFFALO AFRICA
96%
LION AFRICA
96%
TIGER ASIA
94%
GRAY WOLF NORTH AMERICA
94%
LEOPARD AFRICA
93%
RHINO AFRICA
93%
SNOW LEOPARD ASIA
93%
PANDA BEAR ASIA
93%
JAGUAR SOUTH AMERICA
93%
BISON NORTH AMERICA
92%
KANGAROO AUSTRALIA
89%
MOOSE NORTH AMERICA / EURASIA
89%
CAIMAN SOUTH AMERICA
89%
ANACANDA SOUTH AMERICA
89%
KING COBRA ASIA
86%
OCELOT SOUTH AMERICA
83%
POLAR BEAR NORTH AMERICA / NORTHERN EUROPE
80%
ORANGUTAN ASIA
79%
POISON DART FROG SOUTH AMERICA
79%
KOMODO DRAGON ASIA
76%
KOALA BEAR AUSTRALIA / OCEANIA
73%
REINDEER EUROPE
73%
BISON NORTH AMERICA
73%
EMPEROR PENGUIN ANTARCTICA
72%
WEDDELL SEAL ANTARCTICA
61%
LEMMING EUROPE
56%
BIRD OF PARADISE AUSTRALIA / OCEANIA
55%
No matching quizzes found
Score Distribution
Percent of People with Each Score
Percentile by Number Answered
Your Score History
You have not taken this quiz since the last reset